000 01302cam a22003497a 4500
003 CHAP
005 20220329142015.0
008 990204d1998 mx r 00110 spa d
010 _a76961
011 _a77933
035 _a87708
040 _cCHAP
090 _aTesis
100 0 0 _aGarcía Cela, Oscar.
_945849
245 1 3 _aLa industria maquiladora, una alternativa de empleo para las zonas rurales del país ; estudio de caso en el Estado de México, 1994-1998
_c/por Oscar García Cela
260 _aChapingo, Méx. :
_bEl autor,
_c1998.
300 _a119 h.
502 _aTesis (Lic. en Economía Agrícola) -- UACH. División de Ciencias Económico Administrativas
590 _aALEPH
_b10
_c20130110
_lUCH01
_h1427
590 _aBATCH-UPD
_b10
_c20130110
_lUCH01
_h0555
590 _aBATCH-UPD
_b10
_c20130410
_lUCH01
_h0237
590 _aBATCH-UPD
_b10
_c20130914
_lUCH01
_h1300
590 _aCONVERSION
_b10
_c20130109
_lUCH01
_h1342
650 1 4 _aEmpleo
_xMéxico (Edo.)
_936568
650 1 4 _aIndustria maquiladora
_xMéxico (Edo.)
_957900
901 _aBK
905 _aLilia Sánchez G.
942 _cFOLL
949 _bBC
_cTES
_d33724000709028
_eTS2
_fc.2
_h33368
_i87708
_sb
949 _bBC
_cTES
_d33724000752051
_eTS2
_fc.3
_h35506
_i87708
_si
949 _bBC
_cTES
_d877081
_eTS1
_h33367
_i87708
_sb
999 _c76961
_d76961